| 000 | 00583nam a2200181 a 4500 | ||
|---|---|---|---|
| 005 | 20140412111348.0 | ||
| 008 | 050422s19uu xx 00 eng d | ||
| 020 | _a971-508-142-8 | ||
| 050 |
_aFil 398.2 _bM733 2002 |
||
| 100 | _aMolina, Russell | ||
| 245 |
_aAng madyik silya ni Titoy : _bTitoy's magical chair / _cstory by Russell Molina ; illustrations by Marcus Nada. |
||
| 260 |
_aManila, Philippines : _bAdarna House, _c2002. |
||
| 300 | _a1 v (unp.) ; ill. | ||
| 650 | _aFolklore, Philippines | ||
| 650 |
_aChairs _xFiction |
||
| 650 | _aChildren stories | ||
| 999 |
_c105252 _d105252 |
||